| 000 | 01189nam a2200325Ia 4500 | ||
|---|---|---|---|
| 001 | ebr10054302 | ||
| 003 | CaPaEBR | ||
| 006 | m u | ||
| 007 | cr cn||||||||| | ||
| 008 | 030127s2003 inua s 001 0 eng d | ||
| 010 | _z 2003101215 | ||
| 020 | _z1592000681 | ||
| 040 |
_aCaPaEBR _cCaPaEBR |
||
| 035 | _a(OCoLC)70773482 | ||
| 050 | 1 | 4 |
_aQA76.76.C672 _bS47 2003eb |
| 082 | 0 | 4 |
_a005.13/3 _bSETHI _221 |
| 100 | 1 | _aSethi, Maneesh. | |
| 245 | 1 | 0 |
_aGame programming for teens _h[electronic resource] / _cManeesh Sethi. |
| 260 |
_aIndianapolis, IN : _bPremier Press, _c2003. |
||
| 300 |
_axviii, 374 p. : _bill. |
||
| 490 | 1 | _aGame development | |
| 500 | _aIncludes index. | ||
| 533 |
_aElectronic reproduction. _bPalo Alto, Calif. : _cebrary, _d2009. _nAvailable via World Wide Web. _nAccess may be limited to ebrary affiliated libraries. |
||
| 650 | 0 |
_aComputer games _xDesign. |
|
| 650 | 0 |
_aComputer games _xProgramming. |
|
| 655 | 7 |
_aElectronic books. _2local |
|
| 710 | 2 | _aebrary, Inc. | |
| 830 | 0 | _aPrima Tech's game development. | |
| 856 | 4 | 0 |
_uhttp://site.ebrary.com/lib/rucke/Doc?id=10054302 _zAn electronic book accessible through the World Wide Web; click to view |
| 999 |
_c65294 _d65294 |
||